000 01598nam0a22002771 4500
001 RU\NLR\19V\932327
005 20260408075947.0
035 _a(NLR Aleph) 010350510
090 _a10743820
_c10743820
100 _a20110211d1852 |||y0rusy50 ca
101 0 _arus
102 _aRU
105 _ay z |||||
200 1 _aПроект нежинского 1-й гильдии купца Пана об учреждении в С.-Петербурге Российского общества для облегчения частных сделок
_eдоклад Комиссии по делам о пользах и нуждах общественных (от 17 янв. 1852 г.)
210 _a[Санктпетербург
_d1852]
215 _a8 с.
_d35
300 _aВ надзаг.: С.-Петербургская гор. общая дума
_aБез тит. л. и обл.
532 0 1 _aПроект нежинского первой гильдии купца Пана об учреждении в Санкт-Петербурге Российского общества для облегчения частных сделок
_zrus
710 0 2 _aПетербургская городская комиссия о пользах и нуждах общественных
_9850009
_3RU\NLR\AUTH\8810176913
712 0 2 _4570
_aПетербургская городская общая дума
_9671198
_3RU\NLR\AUTH\8810084579
801 0 _aRU
_bNLR
_c20110211
_gpsbo
801 1 _aRU
_bNLR
_c20110211
_2rusmarc
852 _aNLR
_j18.107.1.434 (аллиг. 3)
942 _cBOOK
980 _aNB